Design
Salvato in:
| Autore principale: | |
|---|---|
| Altri autori: | |
| Natura: | Libro |
| Lingua: | ceco |
| Pubblicazione: |
Brno
Computer Press
2004
|
| Serie: | Malá encyklopedie
|
| Soggetti: | |
| Tags: |
Nessun Tag, puoi essere il primo ad aggiungerne!!
|
MARC
| LEADER | 00000nam$a2200000$$$4500 | ||
|---|---|---|---|
| 001 | 0031164 | ||
| 005 | 20240313134403.5 | ||
| 020 | |a 80-251-0284-X | ||
| 041 | 0 | |a cze | |
| 044 | |a CZ | ||
| 245 | 1 | 0 | |a Design |c Thomas Hauffe ; prekl. Andrea Chalupníková |
| 264 | 1 | |a Brno |b Computer Press |c 2004 | |
| 300 | |a 192 s. | ||
| 490 | 1 | |a Malá encyklopedie | |
| 830 | 0 | |a Malá encyklopedie | |
| 610 | 2 | 0 | |a dizajn |
| 610 | 2 | 0 | |a dizajn priemyselný |
| 610 | 2 | 0 | |a výroba priemyselná |
| 610 | 2 | 0 | |a výroba ručná |
| 610 | 2 | 0 | |a história |
| 100 | 1 | |a Hauffe, Thomas | |
| 700 | 1 | |a Chalupníková, Andrea | |